| 000 | 00348nam a2200133Ia 4500 | ||
|---|---|---|---|
| 008 | 240624s9999 xx 000 0 und d | ||
| 041 | _aeng | ||
| 082 | _a658.473 GOT | ||
| 100 | _aGOTTSCHALK PETTER | ||
| 245 | _aFRAUD INVESTIGATION CASE STUDIES OF CRIM | ||
| 260 |
_c2018 _aLondon _bRoutledge |
||
| 300 | _avii, 229 p.; 23 cm. | ||
| 365 |
_cBPS _b35 |
||
| 999 |
_c31578 _d31578 |
||